| 000 -ლიდერი |
| ფიქსირებული სიგრძის საკონტროლო ველი |
01356nam a22002417a 4500 |
| 003 - საკონტროლო ნომრის იდენტიფიკატორი |
| საკონტროლო ველი |
Ge_BSU |
| 005 - ბოლო ოპერაციის თარიღი და დრო |
| საკონტროლო ველი |
20210416131155.0 |
| 008 - ფიქსირებული სიგრძის მონაცემთა ელემენტები - ზოგადი ინფორმაცია |
| ფიქსირებული სიგრძის საკონტროლო ველი |
201015s2014 ge ||||| |||| 00| 0 geo d |
| 020 ## - წიგნის საერთაშორისო სტანდარტული ნომერი |
| International Standard Book Number |
9789941936203 |
| 041 ## - ენის კოდი |
| Language code of text/sound track or separate title |
geo |
| 080 ## - უნივერსალური ათობითი კლასიფიკაციის ინდექსი |
| Universal Decimal Classification number |
34(430)(092)+ 341.231.14+347.152](075.8) ი-35 |
| 100 ## - მთავარი ჩანაწერი - პიროვნების სახელი |
| Personal name |
იერინგი, რუდოლფ ფონ |
| 9 (RLIN) |
9609 |
| 245 ## - ცნობა სათაურის შესახებ |
| Title |
ბრძოლა უფლებისათვის / |
| Statement of responsibility, etc |
რუდოლფ ფონ იერინგი ; გერმ. თარგმნა იაზონ ბაქრაძემ ; წინათქმა და რუს. თარგმანი ზაზა ნანობაშვილისა ; რედ. ბესარიონ ზოიძე. |
| 264 ## - წარმოების, გამოცემის, დისტრიბუციის და სხვა ცნობები |
| გამოცემის, წარმოების, დისტრიბუციის... ადგილი |
თბ. : |
| გამოცემის, წარმოების, დისტრიბუციის... სახელწოდება |
ბონა კაუზა , |
| გამოცემის, წარმოების, დისტრიბუციის... თარიღი |
2014. |
| 300 ## - ფიზიკური აღწერა |
| Extent |
117 გვ. ; |
| Other physical details |
21 სმ. |
| 504 ## - BIBLIOGRAPHY, ETC. NOTE |
| Bibliography, etc |
ბიბლიოგრ. ტექსტის შენიშვნ. |
| 653 ## - INDEX TERM--UNCONTROLLED |
| Uncontrolled term |
გერმანელი იურისტები |
| 653 ## - INDEX TERM--UNCONTROLLED |
| Uncontrolled term |
ადამიანის ძირითადი უფლებები |
| 653 ## - INDEX TERM--UNCONTROLLED |
| Uncontrolled term |
სამართალი |
| 700 ## - ADDED ENTRY--PERSONAL NAME |
| Personal name |
ნანობაშვილი, ზაზა, |
| Relator term |
მთარგმნელ;ი |
| 9 (RLIN) |
8145 |
| 700 ## - ADDED ENTRY--PERSONAL NAME |
| Personal name |
ზოიძე, ბესარიონ |
| Relator term |
რედაქტორი |
| 9 (RLIN) |
9610 |
| 942 ## - ADDED ENTRY ELEMENTS (KOHA) |
| Source of classification or shelving scheme |
|
| Koha item type |
წიგნი |